00350nam a22001457a 450000500170000000800410001702000180005804100080007608200100008410000200009424500280011426000300014230000080017265000240018020160630143120.0160630b xxu||||| |||| 00| 0 eng d a81-88458-50-3 aeng b16733 aSingal, Dr. R K aIC Engine & Compressors bS.K. Kataria & Sonsc2011 a227 aDiploma Engineering